Catálogo
 En Linea

Discurso pronunciado por el Dr. Mariano Germán Mejía : (Registro nro. 37375)

Detalles MARC
000 -CABECERA
campo de control de longitud fija 00707nam a2200193 a 4500
001 - NÚMERO DE CONTROL
campo de control 000037885
003 - IDENTIFICADOR DEL NÚMERO DE CONTROL
campo de control OSt
005 - FECHA Y HORA DE LA ÚLTIMA TRANSACCIÓN
campo de control 20240301141933.0
008 - DATOS DE LONGITUD FIJA--INFORMACIÓN GENERAL
campo de control de longitud fija 130307s2013 dr 000 0 spa d
020 ## - NÚMERO INTERNACIONAL ESTÁNDAR DEL LIBRO
Número Internacional Estándar del Libro 9789945883251
040 ## - FUENTE DE LA CATALOGACIÓN
Centro catalogador/agencia de origen DO-SdBNP
Lengua de catalogación spa
Centro/agencia transcriptor BNPHU
082 ## - NÚMERO DE LA CLASIFICACIÓN DECIMAL DEWEY
Número de clasificación 347.7293
Número de documento/Ítem G373d,2013
100 1# - ENTRADA PRINCIPAL--NOMBRE DE PERSONA
Nombre de persona Germán M., Mariano,
Fechas asociadas al nombre 1946-
Forma completa/desarrollada del nombre (Germán Mejía)
9 (RLIN) 9311
245 00 - MENCIÓN DE TÍTULO
Título Discurso pronunciado por el Dr. Mariano Germán Mejía :
Resto del título en ocación de la conmemoración del día del Poder Judicial audiencia solemne 7 de enero de 2013 /
Mención de responsabilidad, etc. Mariano Germán Mejía.
260 ## - PUBLICACIÓN, DISTRIBUCIÓN, ETC.
Lugar de publicación, distribución, etc. Santo Domingo :
Nombre del editor, distribuidor, etc. Suprema Corte de Justicia,
Fecha de publicación, distribución, etc. 2013.
300 ## - DESCRIPCIÓN FÍSICA
Extensión 68 p. ;
Dimensiones 23 cm.
590 ## - NOTA LOCAL (RLIN)
Nota local Inventariado, 2019/VM
942 ## - ELEMENTOS DE PUNTO DE ACCESO ADICIONAL (KOHA)
Fuente del sistema de clasificación o colocación Dewey Decimal Classification
Tipo de ítem Koha Libro
Existencias
Estado de retiro Estado de pérdida Fuente del sistema de clasificación o colocación Restricciones de uso No para préstamo Código de colección Localización permanente Ubicación/localización actual Ubicación en estantería Fecha de adquisición Número de inventario Total de préstamos Signatura topográfica completa Código de barras Fecha visto por última vez Número de copia Precio válido a partir de Tipo de ítem Koha Fuente de adquisición
    Dewey Decimal Classification Excluido de préstamo Excluido de préstamo Monografías: Libros y Folletos Biblioteca Nacional Pedro Henríquez Ureña General Depósito 07.03.2013 LF1   347.7293 G373d,2013 37885-30 25.06.2020 e. 3 25.06.2020 Libro  
    Dewey Decimal Classification Préstamo en sala   Monografías: Libros y Folletos Biblioteca Nacional Pedro Henríquez Ureña General Depósito 07.03.2013 LF1   347.7293 G373d,2013 37885-40 25.06.2020 e. 4 25.06.2020 Libro Graciela Geraldo
    Dewey Decimal Classification Préstamo en sala   Monografías: Libros y Folletos Biblioteca Nacional Pedro Henríquez Ureña General Depósito 10.12.2020     347.7293 G373d,2013   10.12.2020 e. 5 10.12.2020 Libro ODECOPLIN
    Dewey Decimal Classification Excluido de préstamo Préstamo restrigido Monografías: Libros y Folletos Patrimonio Dominicano Patrimonio Dominicano Depósito 07.03.2013 LF1   347.7293 G373d,2013 37885-10 25.06.2020 e. 2 25.06.2020 Libro  
    Dewey Decimal Classification Excluido de préstamo Excluido de préstamo Monografías: Libros y Folletos Patrimonio Dominicano Patrimonio Dominicano Depósito 07.03.2013 LF1   347.7293 G373d,2013 37885-20 25.06.2020   25.06.2020 Libro  

Con tecnología Koha